|
|
|
|
| LEADER |
00641nab a2200193 i 4500 |
| 001 |
acta51112 |
| 005 |
20250414112841.0 |
| 008 |
180418s1935 hu o 000 hun d |
| 040 |
|
|
|a SZTE Egyetemi Kiadványok Repozitórium
|b hun
|
| 041 |
|
|
|a hun
|
| 100 |
1 |
|
|a Radó Antal
|
| 245 |
1 |
0 |
|a Kerekes Márton
|h [elektronikus dokumentum] :
|b [vers] /
|c Radó Antal
|
| 260 |
|
|
|c 1935
|
| 300 |
|
|
|a 171-172
|
| 490 |
0 |
|
|a Gyakorlati pedagógia
|v 1 No. 11
|
| 650 |
|
4 |
|a Bölcsészettudományok
|
| 650 |
|
4 |
|a Nyelvek és irodalom
|
| 695 |
|
|
|a Magyar irodalom - vers
|
| 856 |
4 |
0 |
|u http://acta.bibl.u-szeged.hu/51112/1/gyakorlati_1935_011_171-172.pdf
|z Dokumentum-elérés
|